Music Quiz

Random Music or Musical Quiz

20 Tribute Bands You've Probably Never Heard Of Quiz Stats

 Plays Quiz Updated Apr 21, 2015

Challenge
Share
Tweet
Score 0/20 Timer 04:00
2 Plays Today
% Correct
KISS (MINI-KISS)
98.1%
Spice Girls (Wannabe)
97.4%
Michael Jackson (Who's Bad)
86.6%
The Rolling Stones (Dead Rooster)
86.4%
Aerosmith (Eurosmith)
84%
Adele (Rolling In Adele)
82.8%
ABBA (Platinum)
77.9%
Bob Dylan (Dirty Dylan)
69.3%
Daft Punk (One More Time)
67.9%
One Direction (Only One Direction)
67.6%
% Correct
Nickelback (Nickelband)
57.1%
Nirvana (Smells Like Grunge)
55.8%
Coldplay (Coldplayer)
54.1%
The Beatles (The Parrots)
53.8%
Shania Twain (Shania Twin)
51%
AC/DC (Hell's Belles)
46.8%
Bee Gees (Australian Bee Gees)
39.9%
Journey (Journey Unauthorized)
38.2%
Bon Jovi (Steelhorse)
23.7%
The Police (The Police Experience)
21.4%

You're not logged in!

Compare scores with friends on all Sporcle quizzes.
OR
Log In

You Might Also Like...

Show Comments

Extras

Top Quizzes Today


Score Distribution

Your Account Isn't Verified!

In order to create a playlist on Sporcle, you need to verify the email address you used during registration. Go to your Sporcle Settings to finish the process.

Report this User

Report this user for behavior that violates our Community Guidelines.

Details: